| 000 | 00934nas a2200301 4500 | ||
|---|---|---|---|
| 001 | BR0803315 | ||
| 003 | BR-BrBNA | ||
| 005 | 20231205112254.0 | ||
| 007 | ta | ||
| 008 | 230509b bl.|||p| |||| 00| 00por d | ||
| 040 |
_aBR-BrBNA _bpor _cBiblioteca Nacional de Agricultura |
||
| 041 | _a(Pt) | ||
| 072 | _aH60 | ||
| 100 | 1 | _aConstantin, J. | |
| 100 | 1 | _aOliveira Junior, R.S. | |
| 100 | 1 | _aCavalieri, S.D. | |
| 100 | 1 | _aArantes, J.G.Z. | |
| 100 | 1 | _aAlonso, D.G. | |
| 100 | 1 | _aRoso, A.C. | |
| 245 | 1 | _aEstimativa do período que antecede a interferência de plantas daninhas na cultura da soja, var. Coodetec 202, por meio de testemunhas duplas | |
| 650 | _aSOJA | ||
| 650 | _aERVA DANINHA | ||
| 650 | _aPICÃO PRETO | ||
| 650 | _aHERBICIDA | ||
| 773 | 0 |
_tPlanta Daninha (Brazil) _xISSN 0100-8358 _g(Apr-Jun 2007), v. 25(2) p. 231-237 _wBR0803315 |
|
| 909 |
_a202311 _bLúcia _c55 _dLúcia Elande |
||
| 942 |
_2AGRIS _n0 _cANA |
||
| 999 |
_c197115 _d197115 |
||